00414nam a22001577a 450000500170000001000150001702000260003203500140005803700130007208200060008510000110009124500240010226000390012627000680016530000230023320171010114836.0 aENG-120778 a9789386191175c450.00 aEN-104310 bDBAD/PUB aN aShubhs aRunuts?/cby Shubhs aNew DelhibLifi Publicationsc2017 a211, 2nd Floor, Gagandeep, 12 Rajendra PlacebNew Delhie110008 axi,244p.c20cm(Hb)